Analýza čerpania finančných prostriedkov z fondov EÚ bakalárska práca

Uložené v:
Podrobná bibliografia
Hlavný autor: Kupcová, Naďa
Korporativný autor: Fakulta podnikového manažmentu EU. Katedra manažmentu
Ďalší autori: Grznár, Miroslav
Médium: Kniha
Jazyk:Slovak
Vydavateľské údaje: Bratislava 2011
Tagy: Pridať tag
Žiadne tagy, Buďte prvý, kto otaguje tento záznam!

MARC

LEADER 00000nbm a2200000 4500
001 0140013
005 20161109111659.6
041 0 |a slo 
044 |a SK 
245 1 0 |a Analýza čerpania finančných prostriedkov z fondov EÚ  |b bakalárska práca  |c Naďa Kupcová ; školiteľ: Miroslav Grznár 
264 1 |a Bratislava  |c 2011 
300 |a 42 s. 
100 1 |a Kupcová, Naďa 
700 1 |a Grznár, Miroslav 
710 2 |a Fakulta podnikového manažmentu EU. Katedra manažmentu